Frutas silvestres de Colombia: (Registro nro. 17983)

Detalles MARC
000 -CABECERA
Campo de control 00659cam a2200193 a 4500
005 - FECHA Y HORA DE LA ULTIMA TRANSACCION
Campo de control 20180803170212.0
008 - ELEMENTOS DE LONGITUD FIJA—INFORMACION GENERAL
Campo de control 160115s19610000ck a 0 spa d
040 ## - FUENTE DE CATALOGACIÓN
Agencia catalogadora original CO-BoPUJ
Agencia transcriptora CO-BoIAVH
041 ## - IDIOMA
Código de idioma para texto/pista de sonido o título separado Español
082 04 - NUMERO DE CLASIFICACION DECIMAL DEWEY
Número de clasificación 581.464
Número del ítem R76f2
100 1# - ASIENTO PRINCIPAL--NOMBRE PERSONAL
Nombre personal Romero Castaneda, Rafael
Fechas asociadas con el nombre - 1973
9 (RLIN) 51567
245 10 - MENCION DE TITULO
Título Frutas silvestres de Colombia:
Parte restante del título volúmen 2 /
Mención de responsabilidad Rafael Romero Castaneda
260 ## - PUBLICACION, DISTRIBUCION, ETC. (PIE DE IMPRENTA)
Lugar de publicación, distribución, etc. Bogotá:
Nombre del editor, distribuidor, etc. Universidad Nacional de Colombia. Instituto de Ciencias Naturales;
Fecha de publicación, distribución, etc. 1969.
300 ## - DESCRIPCION FISICA
Extensión volumenes, 384 páginas
650 24 - ASIENTO SECUNDARIO DE MATERIA - TERMINO TEMATICO
Término temático o nombre geográfico como elemento de entrada Fruticultura
Subdivisión geográfica Colombia
9 (RLIN) 51568
650 24 - ASIENTO SECUNDARIO DE MATERIA - TERMINO TEMATICO
Término temático o nombre geográfico como elemento de entrada Frutas
Subdivisión de forma Clasificación
9 (RLIN) 51569
650 24 - ASIENTO SECUNDARIO DE MATERIA - TERMINO TEMATICO
Término temático o nombre geográfico como elemento de entrada Frutas
9 (RLIN) 100848
942 ## - ELEMENTOS ADICIONALES (KOHA)
Sistema de clasificación Dewey Decimal Classification
Tipo de ítem Libro
Existencias
Withdrawn status Lost status Sistema de Clasificación Damaged status No para préstamo Colección Inventariado Ubicación Permanente Ubicación actual Fecha de adquisición Fuente de Valor Total Checkouts Número topográfico Inventario / Código de Barras Date last seen Ejemplar Price effective from Forma de adquisición Tipo de material
    Dewey Decimal Classification     Fondo Ramiro Osorio Osma Inventariado 2017 Bogotá Bogotá 15/01/2016 Instituto   FRO-581.464 R76f2 039535 15/01/2016 Ej. 1 15/01/2016   Libro